000 00600nam a22002297a 4500
003 UA-OsUOA
001 881
007 ta
008 20050708b un ||||| |||| 00| 0 ukr d
100 _aСтепанов Г.В.
090 _a82.09(460)
_bС79
942 _cBK
040 _aUA-OsUOA
_brus
_cUA-OsUOA
_dUA-OsUOA
245 _aСервантесовские чтения
300 _a240 с.
955 _a1
041 _arus
080 _a82.09(460)
260 _aСПб
_bНаука
_c1985
650 7 _a82 Література. Літературознавство
_2UDC
999 _c287026
_d287026